Quick Pick: Chess Moves Quiz Stats

 Plays Quiz Updated Jun 4, 2018

Score 0/6 Timer 01:00
12 Plays Today
% Correct
Bishop
88.6%
Knight
85.6%
Pawn
84.4%
Queen
81.3%
King
79.3%
Rook
73.6%

Today's Daily Dose

Missing Word
Banned Books (A-Z)

Word Ladder
Janis Joplin

Get the Picture
Occupations

You're not logged in!

Compare scores with friends on all Sporcle quizzes.
OR
Log In

Sporcle TV

Today on Sporcle TV


Watch our educational content, quiz creation guides, and fun videos on Sporcle TV.

Show Comments

Extras

Top Quizzes Today


Score Distribution

Your Account Isn't Verified!

In order to create a playlist on Sporcle, you need to verify the email address you used during registration. Go to your Sporcle Settings to finish the process.

Report this User

Report this user for behavior that violates our Community Guidelines.

Details: